000 00318nam a22001457a 4500
020 _a978-17-6015-12-7
082 _a523
_bBLA/B
100 _aBLABEY, ARON
245 _aTHE BAD GUYS
260 _aAUSTRALIA
_bSCHOLASTIC INC
_c2015
300 _a140
520 _aENGLISH STORY
650 _aENGLISH STORY
942 _cBK
999 _c5709
_d5709